Organic gardening.

Bibliographic Details
New Title:OG (Emmaus, Pa.)
Previous Title:Rodale's organic gardening
Uniform Title:Organic gardening (Emmaus, Pa. : 1988)
Format: Journal
Language:English
Published: [Emmaus, Pa.] : [Rodale Press], [1988-2001]
Subjects:
Online Availability: Check for online availability

MARC

Tag First Indicator Second Indicator Subfields
LEADER 00000cas a2200000 a 4500
001 in00000014122
005 20151007052138.0
008 880212d19882001paubn1p |||| 0 a0eng d
010 |a  90648302   |z sn 88000567  
022 0 |a 0897-3792 
035 |a (OCoLC)17469633 
035 |9 AAA6472AM 
040 |a NSD  |c NSD  |d AGL  |d NSD  |d AGL  |d NST  |d UtOrBLW 
042 |a nsdp  |a lc 
049 |a TXAE [Also in] [Micro] [film] [S] [200] 
050 4 |a S605.5  |b .O7 
130 0 |a Organic gardening (Emmaus, Pa. : 1988) 
210 0 |a Org. gard.  |b (1988) 
222 0 |a Organic gardening  |b (1988) 
245 1 0 |a Organic gardening. 
264 1 |a [Emmaus, Pa.] :  |b [Rodale Press],  |c [1988-2001] 
264 4 |c [©1988-2001] 
300 |a 14 volumes :  |b illustrations ;  |c 27 cm. 
310 |a 8 issues yearly 
321 |a Monthly 
336 |a text  |b txt  |2 rdacontent 
337 |a unmediated  |b n  |2 rdamedia 
338 |a volume  |b nc  |2 rdacarrier 
362 0 |a Apr. 1988-v. 48, no. 5 (July/Aug. 2001). 
500 |a Title from cover. 
500 |a Some issues also in 35 mm. microfilm. 
515 |a Issues for Apr.-May 1998 have no vol. numbering but constitute v. 35, no. 4 and no. 5. 
650 0 |a Organic gardening  |v Periodicals. 
780 0 0 |t Rodale's organic gardening  |x 0884-3252 (DLC) 86640403 
785 0 0 |a OG (Emmaus, Pa.)  |x 1536-108X  |w (DLC) 2001211734  |w (OCoLC)47358131 
949 |a updated  |b h  |c 2001/9/17  |e coplinge  |f 4:17:40 pm 
999 |a MARS 
999 f f |s 2c68cc82-cd28-396d-b544-b8bda18fa9c1  |i 69f9c395-b5b8-3c23-bf4a-a5a6bd84b9ac  |t 0 
952 f f |p ric  |a Texas A&M University  |b Rellis Campus  |c Joint Library Facility  |d Remote Storage  |t 0  |e S605.5 .O7  |h Library of Congress classification  |i unmediated -- volume  |k v.45:no.1-2,4-8  |l 1998:Jan.-Feb.,Apr.-Nov./Dec.  |m A14825752475 
952 f f |p ric  |a Texas A&M University  |b Rellis Campus  |c Joint Library Facility  |d Remote Storage  |t 0  |e S605.5 .O7  |h Library of Congress classification  |i unmediated -- volume  |k v.48:no.1-5  |l 2001:Jan./Feb.-July/Aug.  |m A14827338837 
952 f f |p ric  |a Texas A&M University  |b Rellis Campus  |c Joint Library Facility  |d Remote Storage  |t 0  |e S605.5 .O7  |h Library of Congress classification  |i unmediated -- volume  |k v.43  |l 1996  |m A14822163033 
952 f f |p ric  |a Texas A&M University  |b Rellis Campus  |c Joint Library Facility  |d Remote Storage  |t 0  |e S605.5 .O7  |h Library of Congress classification  |i unmediated -- volume  |k v.44  |l 1997  |m A14822163083 
952 f f |p ric  |a Texas A&M University  |b Rellis Campus  |c Joint Library Facility  |d Remote Storage  |t 0  |e S605.5 .O7  |h Library of Congress classification  |i unmediated -- volume  |k v.46  |l 1999  |m A14825752514 
952 f f |p ric  |a Texas A&M University  |b Rellis Campus  |c Joint Library Facility  |d Remote Storage  |t 0  |e S605.5 .O7  |h Library of Congress classification  |i unmediated -- volume  |k v.47  |l 2000  |m A14827901525 
998 f f |a S605.5 .O7  |s v.48:no.1-5 (2001:Jan-Aug)  |t 0  |l Remote Storage